サウナ施設トップ30 - Statistics

General Stats
  • This quiz has been taken 28 times
  • The average score is 7 of 30
Answer Stats
サ活数 施設名 % Correct
40970 サウナ&カプセルホテル 北欧
70%
34196 サウナ&ホテル かるまる池袋
57%
16107 ウェルビー栄
48%
16108 サウナと天然温泉 湯らっくす
43%
85265 湯乃泉 草加健康センター
39%
26673 サウナしきじ
39%
16870 黄金湯
39%
20468 サウナセンター
35%
18097 天空のアジト マルシンスパ
35%
17955 東京ドーム天然温泉 Spa LaQua
30%
26025 スパ&カプセル ニューウイング
26%
14386 サウナ&カプセルホテル 大東洋
26%
41584 スカイスパYOKOHAMA
26%
16915 神戸サウナ&スパ
22%
14772 スパメッツァ おおたか 竜泉寺の湯
22%
14966 二コーリフレ SAPPORO
22%
31361 湯乃泉 東名厚木健康センター
17%
24031 天然温泉 満天の湯
17%
18948 ひだまりの泉 萩の湯
17%
16920 朝日湯源泉ゆいる
17%
20102 松本湯
13%
16510 サウナ&カプセルホテル レインボー本八幡店
9%
16207 カプセル&サウナ ロスコ
9%
13820 なにわ健康ランド 湯〜トピア
9%
13340 サウナ&カプセルホテル レインボー新小岩店
9%
16812 カプセルホテル&サウナ ジートピア
4%
14870 ファンタジーサウナ&スパ おふろの国
4%
14181 カプセルイン大塚
0%
13772 ザ ベッド&スパ 所沢
0%
13378 スパ&ホテル 舞浜ユーラシア
0%
No matching quizzes found
Score Distribution
Percent of People with Each Score
Percentile by Number Answered
Your Score History
You have not taken this quiz